| 000 | 00479nmc a2200169 a 4500 | ||
|---|---|---|---|
| 003 | AR-X00000XY | ||
| 005 | 20251128212034.0 | ||
| 008 | 207020s1950 ||||||||||||||000 | ing|| | ||
| 040 | _cAR-X00000XY | ||
| 100 | 1 | _aBarr, Alfred H., Jr. | |
| 245 | 1 | 0 |
_aThe Museum of Modern Art _bNew York: painting and sculpture collection |
| 260 |
_aParis _bLes Editions Braun _c1950 |
||
| 300 | 0 |
_asin pag. _bil., láms. |
|
| 490 | 0 | _aCollection des Maitres | |
| 942 | _cBK | ||
| 998 | _cmartin | ||
| 999 |
_c22202 _d22202 |
||